000 00511nam a2200181Ia 4500
005 20250326123955.0
008 250326s9999 xx 000 0 und d
037 _aTextbook
040 _aFMSL
_beng
_cFMSL
041 _aeng
_2eng
084 _aV8'N66t:g L2
_qFMSL
100 _aMaheshwari S
245 0 _aAdministrative reforms commission
_cMaheshwari S
260 _aAgra
_bAgra, Lakishmi Narain Agarwal
_c1972
300 _a570p
942 _cTB
_hV8'N66t:g L2
999 _c1271714
_d1271714